Managerial problem solving
Na minha lista:
| Autor principal: | |
|---|---|
| Formato: | Livro |
| Idioma: | inglês |
| Publicado em: |
London
MacGraw-Hill Book Co.
1974
|
| Tags: |
Sem tags, seja o primeiro a adicionar uma tag!
|
MARC
| LEADER | 00000nam a2200000 4500 | ||
|---|---|---|---|
| 001 | c109421 | ||
| 005 | 20050228095347.8 | ||
| 041 | 0 | |a eng | |
| 044 | |a GB | ||
| 245 | 1 | 0 | |a Managerial problem solving |c Charles J. Margerison |
| 264 | 1 | |a London |b MacGraw-Hill Book Co. |c 1974 | |
| 300 | |a 165 s. | ||
| 100 | 1 | |a Margerison, Charles J. | |